शैल-रेखा / (Record no. 113751)

MARC details
000 -LEADER
fixed length control field 00941nam a22002537a 4500
005 - DATE AND TIME OF LATEST TRANSACTION
control field 20170124102958.0
010 ## - LIBRARY OF CONGRESS CONTROL NUMBER
LC control number B-158118
020 ## - INTERNATIONAL STANDARD BOOK NUMBER
Terms of availability 70.00
International Standard Book Number 8188213136
035 ## - SYSTEM CONTROL NUMBER
System control number B-158118
037 ## - SOURCE OF ACQUISITION
Source of stock number/acquisition Cen Lib/Ret
040 ## - CATALOGING SOURCE
Original cataloging agency DPL
Language of cataloging HN
082 ## - DEWEY DECIMAL CLASSIFICATION NUMBER
Classification number 821
Item number जोशीज
100 ## - MAIN ENTRY--PERSONAL NAME
Personal name जोशी, जगदीश
9 (RLIN) 55952
245 ## - TITLE STATEMENT
Title शैल-रेखा /
Statement of responsibility, etc जगदीश जोशी
246 ## - VARYING FORM OF TITLE
Title proper/short title Shail-rekha /
Remainder of title by Jagdeesh Joshi
260 ## - PUBLICATION, DISTRIBUTION, ETC. (IMPRINT)
Place of publication, distribution, etc इलाहाबाद
Name of publisher, distributor, etc लहर प्रकाशन
Date of publication, distribution, etc 2000
270 ## - ADDRESS
City इलाहाबाद
Address 778, मुठ्ठीगंज
300 ## - PHYSICAL DESCRIPTION
Extent 80पृ.
Dimensions 20सेमी (सजिल्द)
650 ## - SUBJECT ADDED ENTRY--TOPICAL TERM
Topical term or geographic name as entry element हिन्दी -- साहित्य
9 (RLIN) 55953
650 ## - SUBJECT ADDED ENTRY--TOPICAL TERM
Topical term or geographic name as entry element हिन्दी -- कविताएँ
9 (RLIN) 55954
650 ## - SUBJECT ADDED ENTRY--TOPICAL TERM
Topical term or geographic name as entry element Hindi -- Literature
9 (RLIN) 55955
650 ## - SUBJECT ADDED ENTRY--TOPICAL TERM
Topical term or geographic name as entry element Hindi - Poems
9 (RLIN) 55956
942 ## - ADDED ENTRY ELEMENTS (KOHA)
Source of classification or shelving scheme Dewey Decimal Classification
Koha item type Hindi Books
Classification part 821
Call number suffix जोशीज
Holdings
Withdrawn status Lost status Damaged status Not for loan Home library Current library Date acquired Source of acquisition Cost, normal purchase price Total Checkouts Full call number Barcode Date last seen Copy number Cost, replacement price Price effective from Koha item type
        Central Library Central Library 13/08/2015 Cen Lib/Ret 70.00   821 जोशीज B-158118 13/08/2015 1 70.00 13/08/2015 Hindi Books

© Delhi Public Library
Hit Counter
free hit counter